[Event "AUTO-ADV-1056"]
[Site "http://www.queenalice.com/game.php?id=470244"]
[Date "2008.9.29"]
[Round "1"]
[White "cyrilledeLePin"]
[Black "jlmorais"]
[Result "1-0"]
[WhiteElo "1786"]
[BlackElo "1669"]

1. e4 c5 2. c4 Nf6 3. Nc3 e6 4. g3 d5 5. d3 dxc4 6. dxc4 Qxd1+ 7. Kxd1 Be7 8.
Bg2 Ng4 9. Nh3 Nc6 10. f3 Nge5 11. b3 a6 12. Nf2 O-O 13. Bf4 Rd8+ 14. Kc2 Nb4+
15. Kb1 Ned3 16. Nxd3 Nxd3 17. Rd1 Nxf4 18. Rxd8+ Bxd8 19. gxf4 Ba5 20. Kc2 b5
21. cxb5 Bxc3 22. Kxc3 axb5 23. b4 cxb4+ 24. Kxb4 Ba6 25. a4 bxa4 26. Rxa4 Rb8+
27. Ka3 Be2 28. Rb4 Rxb4 29. Kxb4 g6 30. Kc5 Kg7 31. e5 f6 32. Kd6 1-0

[Event "AUTO-ADV-1056"]
[Site "http://www.queenalice.com/game.php?id=470245"]
[Date "2008.9.29"]
[Round "1"]
[White "jlmorais"]
[Black "cyrilledeLePin"]
[Result "0-1"]
[WhiteElo "1682"]
[BlackElo "1763"]

1. e4 e6 2. d4 d5 3. Nc3 Bb4 4. e5 c5 5. Bd2 cxd4 6. Nce2 Bxd2+ 7. Qxd2 Nc6 8.
Nxd4 Nxe5 9. Bb5+ Bd7 10. Qf4 Qa5+ 11. c3 Ng6 12. Bxd7+ Kxd7 13. Qxf7+ N8e7 14.
Qxe6+ Kd8 15. Ngf3 Qb6 16. Qxb6+ axb6 17. Ne6+ Kd7 18. Nxg7 Rhg8 19. Nh5 Ke6 20.
Nd4+ Kd6 21. O-O-O Rxa2 22. Nb5+ Kc5 23. Nf6 Rd8 24. c4 Ra1+ 25. Kc2 Rxd1 26.
Rxd1 Kxc4 27. Na3+ Kc5 28. Ne4+ Kc6 29. Nf6 h6 0-1

[Event "Challenge"]
[Site "http://www.queenalice.com/game.php?id=471044"]
[Date "2008.10.1"]
[Round "-"]
[White "dtrainey"]
[Black "jlmorais"]
[Result "1-0"]
[WhiteElo "1514"]
[BlackElo "1784"]

1. a3 g6 2. d4 Nf6 3. Bf4 Bg7 4. Nc3 d6 5. f3 Nh5 6. Nh3 Bxh3 7. e3 Nxf4 8. exf4
Bf5 9. g4 Be6 10. d5 Bxc3+ 11. bxc3 Bd7 12. Qd4 f6 13. g5 c5 14. dxc6 Nxc6 15.
Qe3 Rf8 16. gxf6 Rxf6 17. Bd3 Re6 18. Be4 d5 19. O-O-O dxe4 20. fxe4 Qa5 21.
Rhg1 Qxa3+ 22. Kd2 O-O-O 23. e5 Be8+ 24. Ke2 Rxd1 25. Rxd1 Qa2 26. Qd3 Nxe5 27.
Qd8# 1-0

[Event "Challenge"]
[Site "http://www.queenalice.com/game.php?id=473025"]
[Date "2008.10.5"]
[Round "-"]
[White "Helmans"]
[Black "jlmorais"]
[Result "1-0"]
[WhiteElo "1145"]
[BlackElo "1689"]

1. e4 c5 2. Nf3 e6 3. d4 Nc6 4. d5 Nd4 5. Nxd4 cxd4 6. Qxd4 Qa5+ 7. Bd2 Qb6 8.
Qxb6 axb6 9. Nc3 Bc5 10. Bb5 h6 11. O-O Ne7 12. Na4 f5 13. exf5 Nxf5 14. dxe6
1-0

[Event "Challenge"]
[Site "http://www.queenalice.com/game.php?id=474438"]
[Date "2008.10.8"]
[Round "-"]
[White "krikorlima"]
[Black "jlmorais"]
[Result "0-1"]
[WhiteElo "1100"]
[BlackElo "1803"]

1. e4 c5 2. Qh5 Nf6 3. Qxc5 Nxe4 4. Qd4 d5 5. f3 Nc6 6. Qa4 Nc5 7. Qb5 e5 8. Nc3
a6 9. Qe2 Nd4 10. Qxe5+ Nce6 11. Nxd5 Nxc2+ 12. Ke2 Bd6 13. Qxg7 Nxg7 14. Rb1
Qg5 15. b4 Qe5+ 16. Kd1 Qxd5 17. Rb2 Ne3+ 18. Ke1 Nxf1 19. Kxf1 Qc4+ 20. Ne2 Bd7
21. Rb3 Ba4 22. Re3+ Ne6 23. Bb2 O-O 24. Bf6 Nf4 25. Re4 Qd3 26. Rxf4 Bxf4 27.
Bc3 Bd1 28. g3 Qxe2+ 29. Kg1 Rfe8 30. gxf4 Qe1+ 31. Kg2 Re2+ 32. Kh3 Qxh1 33.
Kg4 Rg2+ 34. Kf5 Bc2+ 35. Kf6 Rg6+ 36. Ke5 Qe1+ 37. Kd4 Rc8 38. Bb2 Rd6# 0-1

[Event "Challenge"]
[Site "http://www.queenalice.com/game.php?id=475923"]
[Date "2008.10.11"]
[Round "-"]
[White "lifes2short"]
[Black "jlmorais"]
[Result "1-0"]
[WhiteElo "1452"]
[BlackElo "1744"]

1. e4 c5 2. d3 Nc6 3. Bd2 Nf6 4. Nf3 d5 5. Nc3 d4 6. Na4 e5 7. h3 h6 8. a3 b5 9.
Nc3 dxc3 10. bxc3 Bd6 11. Be2 a5 12. O-O g5 13. g4 h5 14. gxh5 Rxh5 15. Nxg5 Rh8
16. f4 Bxh3 17. Kf2 Bxf1 18. Qxf1 1-0

[Event "Challenge"]
[Site "http://www.queenalice.com/game.php?id=475924"]
[Date "2008.10.11"]
[Round "-"]
[White "moreira75"]
[Black "jlmorais"]
[Result "1-0"]
[WhiteElo "1277"]
[BlackElo "1649"]

1. e4 c5 2. a4 e5 3. a5 d5 4. f3 Qh4+ 5. Ke2 dxe4 6. fxe4 Qxe4+ 7. Kf2 Bg4 8.
Nc3 Qd4+ 9. Ke1 Bxd1 10. Kxd1 e4 11. Ra3 e3 12. Nf3 Qd7 13. Ra4 exd2 14. Bxd2
1-0

[Event "Challenge"]
[Site "http://www.queenalice.com/game.php?id=476323"]
[Date "2008.10.12"]
[Round "-"]
[White "jlmorais"]
[Black "Maraz"]
[Result "0-1"]
[WhiteElo "1711"]
[BlackElo "1261"]

1. e4 e5 2. Nf3 Nf6 3. d4 Nxe4 4. Qe2 f5 5. Nxe5 d6 6. Nc4 d5 7. Ncd2 Bb4 8. a3
Bxd2+ 9. Bxd2 Qd6 10. f3 Nd7 11. fxe4 O-O 12. Bb4 c5 13. dxc5 Nxc5 14. Bxc5 Qxc5
15. exd5 Bd7 16. Kd1 Rfe8 17. Qd2 Re3 18. Bc4 Rae8 19. d6+ Kf8 20. b3 f4 21. Rf1
Qh5+ 22. Kc1 Qxh2 23. Qf2 Be6 24. Qxf4+ Kg8 25. Qxh2 Rf8 26. Bxe6+ Rxe6 27.
Rxf8+ Kxf8 28. Qxh7 Rh6 29. Qf5+ Kg8 30. d7 Rd6 0-1

[Event "Challenge"]
[Site "http://www.queenalice.com/game.php?id=476324"]
[Date "2008.10.12"]
[Round "-"]
[White "reniflex"]
[Black "jlmorais"]
[Result "1-0"]
[WhiteElo "1150"]
[BlackElo "1711"]

1. Nc3 Nf6 2. e4 d5 3. e5 Ng4 4. f4 e6 5. Qxg4 f5 6. Qh5+ g6 7. Qe2 Nc6 8. Nf3
Bh6 9. g3 Bf8 10. a4 Nb4 11. Qd1 a6 12. b3 d4 13. Nb1 c5 14. c3 dxc3 15. Nxc3
1-0

[Event "Challenge"]
[Site "http://www.queenalice.com/game.php?id=476704"]
[Date "2008.10.13"]
[Round "-"]
[White "dtrainey"]
[Black "jlmorais"]
[Result "1-0"]
[WhiteElo "1575"]
[BlackElo "1711"]

1. d4 Nf6 2. c4 e6 3. c5 Nc6 4. Nf3 Ne4 5. Qd3 d5 6. Nfd2 Nb4 7. Qb5+ Nc6 8. f3
a6 9. Qa4 b5 10. cxb6 Nxd2 11. Bxd2 cxb6 12. Qxc6+ Bd7 13. Qc2 Rc8 14. Bc3 Bb4
15. Qd3 Bxc3+ 16. bxc3 b5 17. e4 O-O 18. f4 Re8 19. e5 g6 20. Be2 f6 21. Nd2 f5
22. O-O g5 23. Bh5 Rf8 24. h3 gxf4 25. Nf3 1-0

[Event "Challenge"]
[Site "http://www.queenalice.com/game.php?id=476705"]
[Date "2008.10.13"]
[Round "-"]
[White "rubensar"]
[Black "jlmorais"]
[Result "1-0"]
[WhiteElo "1820"]
[BlackElo "1619"]

1. e4 c5 2. Nf3 d6 3. Be2 Nf6 4. O-O Nxe4 5. d3 Nf6 6. Nc3 h6 7. h3 Nc6 8. Ne4
e6 9. Nxf6+ Qxf6 10. c3 d5 11. Nh2 g5 12. Ng4 Qe7 13. b3 h5 14. Ne3 d4 15. cxd4
cxd4 16. Nc4 g4 17. h4 Qxh4 18. Bf4 b5 19. Bg3 Qg5 20. Qc2 h4 21. Nd6+ Bxd6 22.
Qxc6+ Kd8 23. Qxd6+ 1-0